Murder on the Orient Express - Statistics

General Stats
  • This quiz has been taken 113 times
  • The average score is 7 of 20
Answer Stats
Hint Name % Correct
Name of Detective. Hercule Poirot
100%
Murdered aboard the Orient Express, Daisy's killer. AKA Cassetti Samuel Ratchet
63%
Identity of Ratchet's killers. All of them
51%
Director of Compagnie Internationale de Wagon Lits Railway. Monsieur Bouc
48%
What Colonel Armstrong did after his family was torn apart by Daisy's murder. Committed Suicide
44%
Governess of Daisy Armstrong. Mary Debenham
44%
Fate that the detective decided for the killers. Let them go
40%
Russian Royal who is Godmother to Sonia Armstrong. Princess Dragomiroff
39%
Grandmother of Daisy Armstong, famous actresss. Mrs Hubbard/Linda Ardern
31%
Friend of Colonel Armstrong, in love with Mary Debenham. Colonel Arbuthnot
30%
Phsyician who acts as coroner aboard the train. Dr Constantine
29%
Aunt to Daisy, sister of Sonia. Countess Andrenyi/Helena Goldenberg
24%
Son of Attorney who was threatened into letting Cassetti walk free, formerly in love with Sonia Armstrong. Hector McQueen
24%
Brother of the French maid who worked for the Armstrongs. Pierre Michel
24%
Maid to the Princess, and former cook for the Armstrongs. Hildegard Schmidt
23%
Former chauffeur for Colonel Armstrong. Antonio Foscarelli
18%
Man in love with the Armstrong's dead maid, was distraught when she killed herself. Cyrus Hardman
18%
Former valet to Colonel Armstong. Edward Henry Masterman
18%
Daisy's former nurse. Greta Ohlsson
17%
Real life case that partially inspired Christie to write this book. Lindbergh Baby Kidnapping
13%
No matching quizzes found
Score Distribution
Percent of People with Each Score
Percentile by Number Answered
Your Score History
You have not taken this quiz